Naturaleza, clinamen y causalidad en Epicuro y Lucrecio

Guardat en:
Dades bibliogràfiques
Autor principal: Henao, Guillermo (Autor)
Format: Llibre
Idioma:espanyol
Publicat: Medellín Círculo Cromático 2006
Edició:1a. ed
Matèries:
Etiquetes: Afegir etiqueta
Sense etiquetes, Sigues el primer a etiquetar aquest registre!

MARC

LEADER 00000nam a2200000 a 4500
001 UCI0737
003 CL-VaPUC
005 20220712174150.0
008 070525e20060000CK |||||||||||||||||spa|d
999 |c 325783  |d 325781 
020 |a 9583398306 
040 |c Pontificia Universidad Católica de Valparaíso 
082 0 4 |a 187  |b HEN  |2 21 
100 0 |a Henao, Guillermo  |e author  |9 520923 
245 1 0 |a Naturaleza, clinamen y causalidad en Epicuro y Lucrecio 
250 |a 1a. ed 
260 |a Medellín  |b Círculo Cromático  |c 2006 
300 |a 219 p 
583 |a last modification  |c 20140404 07:03:32  |k Rodrigo Vera 
600 0 |a Epicuro  |e autor   |9 314341 
600 0 7 |a Lucrecio,  |d 99 A.C.-55 A.C.  |9 861185 
650 7 |a EPICUREISMO  |2 CL-VaPUC  |9 266523 
650 0 |a Filosofía griega  |9 265579 
650 0 |a Filosofía antigua   |9 255705 
942 |c BK  |2 ddc 
945 |d 20070525 00:00:00  |a jtorresc 
952 |0 0  |1 0  |4 0  |6 187_000000000000000_HEN_2006  |7 0  |8 A  |9 407115  |a BIBEDU  |b BIBEDU  |d 2019-11-22  |i 4298438  |o 187 HEN 2006  |p 4298438  |r 2019-11-22  |w 2019-11-22  |y BK  |k FIL